00582nam a22001577a 4500008004100000010001300041020002600054035001300080037000800093082000800101245008600109250000900195260012400204270007400328300002200402220428b ||||| |||| 00| 0 eng d aB-744585 a9789354094064c330.00 aB-744585 adpl a954 aIndia 2022:bA Reference Annual/cEdited by Roma Chatterjee and Ajeet Singh Meena a2022 aNew DelhibDirector General, Publications Division, Ministry of Information and Broadcasting, Government of Indiac2022 aSochna Bhawan, CGO Complex, Lodhi RoadbNew Delhie110003mdpd@nic.in a944p.c24cm (pbk)